| 000 | 00885cab a2200229 4500 | ||
|---|---|---|---|
| 001 | ##ABS52862 | ||
| 008 | 090401t1995 xxu||||| |||| 00| 0 eng d | ||
| 035 | _a(Sirsi) u526 | ||
| 041 | 0 | _aeng | |
| 100 | 1 | _aMalkin, S. | |
| 245 | 0 | 4 | _aThe modern form of factory outlet shopping |
| 260 | _c1995 | ||
| 350 | _a0 | ||
| 490 | 0 |
_aProperty Review _v5(4) May 1995, 113-115(3) |
|
| 520 | _aArgues that factory outlet shopping centres reflect an inevitable response to the modern retail/manufacturing environment but that they represent only a niche activity that will have limited impact on the established retail structure. | ||
| 650 | 2 | 4 | _aPLANNING POLICY GUIDANCE NOTE 13 |
| 650 | 2 | 4 | _aPLANNING POLICY GUIDANCE NOTE SIX |
| 651 | 4 |
_aEngland and Wales _y1543- |
|
| 690 | _aPROPERTY-COMMERCIAL PROPERTY-RETAIL PROPERTY-OUT OF TOWN RETAIL PROPERTY | ||
| 942 | _n0 | ||
| 948 | _c04/03/1997 | ||
| 999 |
_c241 _d241 |
||